[Event "Belgrade Premier League"]
[Site "Belgrade"]
[Date "2021.10.09"]
[Round "8.4"]
[White "Stanimirovic, Milos"]
[Black "Savic, Mihailo S"]
[Result "0-1"]
[WhiteElo "2045"]
[BlackElo "2152"]
[PlyCount "77"]
[EventDate "2021.10.01"]
[EventType "team-tourn"]
[EventRounds "11"]
[EventCountry "SRB"]
[SourceTitle "CBM 204 Extra"]
[Source "ChessBase"]
[SourceDate "2021.11.30"]
[SourceVersion "1"]
[SourceVersionDate "2021.11.30"]
[SourceQuality "1"]
[WhiteTeam "Belgrade Napredak"]
[BlackTeam "Belgrade"]
[WhiteTeamCountry "SRB"]
[BlackTeamCountry "SRB"]

1. d4 Nf6 2. c4 e6 3. g3 Bb4+ 4. Bd2 Qe7 5. Bg2 0-0 6. Nf3 a5 7. 0-0 Bxd2 8. Qxd2 d6 9. Nc3 Nbd7 10. Rfd1 Re8 11. Nb5 Nf8 12. Rac1 e5 13. c5 dxc5 14. Rxc5 Ne4 15. Qe3 Nxc5 16. dxc5 f6 17. Nd2 Ne6 18. Rc1 Bd7 19. c6 bxc6 20. Bxc6 Ra6 21. Bxd7 Qxd7 22. a4 c6 23. Na3 Rb8 24. Nac4 Qd4 25. Qa3 Ra7 26. Qf3 Qd5 27. Qg4 Nd4 28. e3 f5 29. Qd1 Ne6 30. Qh5 g6 31. Qe2 Rb4 32. e4 Nd4 33. Qd3 fxe4 34. Nxe4 Rf7 35. Kf1 Nb3 36. Rc3 Qxd3+ 37. Rxd3 Rxc4 38. Nd6 Rc1+ 39. Kg2 0-1

[Event "Belgrade-chT Quality"]
[Site "Belgrade"]
[Date "2020.10.24"]
[Round "5.6"]
[White "Stanimirovic, Milos"]
[Black "Gemovic, Marko"]
[Result "1-0"]
[WhiteElo "2044"]
[BlackElo "1714"]
[PlyCount "35"]
[EventDate "2020.10.09"]
[EventType "team-tourn"]
[EventRounds "9"]
[EventCountry "SRB"]
[SourceTitle "EXT 2022"]
[Source "ChessBase"]
[SourceDate "2021.10.06"]
[SourceVersion "1"]
[SourceVersionDate "2021.10.06"]
[SourceQuality "1"]
[WhiteTeam "Belgrade Napredak"]
[BlackTeam "Belgrade Borca"]
[WhiteTeamCountry "SRB"]
[BlackTeamCountry "SRB"]

1. d4 Nf6 2. c4 e6 3. g3 d5 4. Bg2 Be7 5. Nf3 Nbd7 6. 0-0 0-0 7. Qc2 c5 8. cxd5 Nxd5 9. Nc3 Nb4 10. Qb3 cxd4 11. Nxd4 e5 12. Nf5 Nc6 13. Rd1 Bc5 14. Nd5 Nd4 15. Nxd4 Bxd4 16. Be3 Bxe3 17. Qxe3 Qa5 18. Ne7+ 1-0

[Event "Belgrade-chT Quality"]
[Site "Belgrade"]
[Date "2020.10.23"]
[Round "4.6"]
[White "Popovic, Andrija"]
[Black "Stanimirovic, Milos"]
[Result "0-1"]
[WhiteElo "2156"]
[BlackElo "2044"]
[PlyCount "76"]
[EventDate "2020.10.09"]
[EventType "team-tourn"]
[EventRounds "9"]
[EventCountry "SRB"]
[SourceTitle "EXT 2022"]
[Source "ChessBase"]
[SourceDate "2021.10.06"]
[SourceVersion "1"]
[SourceVersionDate "2021.10.06"]
[SourceQuality "1"]
[WhiteTeam "Belgrade Polet"]
[BlackTeam "Belgrade Napredak"]
[WhiteTeamCountry "SRB"]
[BlackTeamCountry "SRB"]

1. e4 d5 2. exd5 Qxd5 3. Nc3 Qd6 4. Nf3 Nf6 5. d4 a6 6. a3 b5 7. g3 Bb7 8. Bg2 e6 9. 0-0 Nbd7 10. Bf4 Qb6 11. Re1 Nd5 12. Nxd5 Bxd5 13. Qd3 Nf6 14. b3 Rd8 15. c4 Ba8 16. h3 Be7 17. Qe2 0-0 18. d5 Nh5 19. Bd2 Nxg3 20. Qd3 Bc5 21. Be3 Bxe3 22. Rxe3 exd5 23. c5 Qf6 24. Re5 Ne4 25. Rf1 Nxc5 26. Qc2 Ne6 27. Rd1 d4 28. Qf5 Qxf5 29. Rxf5 c5 30. Nd2 Bxg2 31. Kxg2 g6 32. Re5 Kg7 33. Rb1 Kf6 34. Re4 Rfe8 35. f4 Nc7 36. Kf3 Nd5 37. Rxe8 Rxe8 38. Ne4+ Rxe4 0-1

[Event "Belgrade-chT Quality"]
[Site "Belgrade"]
[Date "2020.10.09"]
[Round "1.6"]
[White "Poledica, Nenad"]
[Black "Stanimirovic, Milos"]
[Result "1-0"]
[WhiteElo "1928"]
[BlackElo "2044"]
[PlyCount "40"]
[EventDate "2020.10.09"]
[EventType "team-tourn"]
[EventRounds "9"]
[EventCountry "SRB"]
[SourceTitle "EXT 2022"]
[Source "ChessBase"]
[SourceDate "2021.10.06"]
[SourceVersion "1"]
[SourceVersionDate "2021.10.06"]
[SourceQuality "1"]
[WhiteTeam "Belgrade Batajnica"]
[BlackTeam "Belgrade Napredak"]
[WhiteTeamCountry "SRB"]
[BlackTeamCountry "SRB"]

1. e4 d5 2. exd5 Qxd5 3. Nc3 Qd6 4. Nf3 Nf6 5. d4 a6 6. Bc4 b5 7. Bb3 Bb7 8. 0-0 e6 9. Re1 Be7 10. Ng5 c5 11. dxc5 Qc6 12. f3 Bxc5+ 13. Kh1 Ng4 14. Nce4 h6 15. Nxe6 fxe6 16. fxg4 e5 17. Qe2 Bb6 18. a4 Rf8 19. Be3 Bxe3 20. Qxe3 Rf4 1-0

[Event "Belgrade City-chT"]
[Site "Belgrade"]
[Date "2019.05.16"]
[Round "4.8"]
[White "Stanimirovic, Milos"]
[Black "Milin, Dragan"]
[Result "0-1"]
[WhiteElo "2036"]
[BlackElo "2025"]
[PlyCount "61"]
[EventDate "2019.05.13"]
[EventType "team-swiss"]
[EventRounds "5"]
[EventCountry "SRB"]
[SourceTitle "CBM 190 Extra"]
[Source "ChessBase"]
[SourceDate "2019.07.15"]
[SourceVersion "1"]
[SourceVersionDate "2019.07.15"]
[SourceQuality "1"]
[WhiteTeam "Napredak"]
[BlackTeam "Bogoslov"]
[WhiteTeamCountry "SRB"]
[BlackTeamCountry "SRB"]

1. d4 d5 2. Nf3 e6 3. c4 c6 4. e3 Nd7 5. Be2 Bd6 6. 0-0 Ngf6 7. Nc3 0-0 8. Qc2 dxc4 9. Bxc4 e5 10. Rd1 Qe7 11. b3 e4 12. Ng5 Bxh2+ 13. Kxh2 Ng4+ 14. Kg1 Qxg5 15. Nxe4 Qh4 16. Ng3 Ndf6 17. Ba3 Qh2+ 18. Kf1 Qxg3 19. Bxf8 Kxf8 20. d5 Qxe3 21. dxc6 bxc6 22. Rd8+ Ne8 23. Rad1 Qh6 24. Bb5 Nh2+ 25. Kg1 Nf3+ 26. Kf1 Qh1+ 27. Ke2 Ng1+ 28. Rxg1 Qh5+ 29. Ke1 Qxb5 30. Qd2 Qe5+ 31. Kd1 0-1

[Event "Gligoric Cup 4th"]
[Site "Novi Banovci"]
[Date "2017.05.25"]
[Round "1.4"]
[White "Rabrenovic, Vladan"]
[Black "Stanimirovic, Milos"]
[Result "1-0"]
[WhiteElo "2337"]
[BlackElo "2068"]
[PlyCount "72"]
[EventDate "2017.05.25"]
[EventType "team-swiss"]
[EventRounds "5"]
[EventCountry "SRB"]
[SourceTitle "CBM 178 Extra"]
[Source "ChessBase"]
[SourceDate "2017.06.22"]
[SourceVersion "1"]
[SourceVersionDate "2017.06.22"]
[SourceQuality "1"]
[WhiteTeam "Gornji Milanovac Metalac"]
[BlackTeam "Belgrade Napredak"]
[WhiteTeamCountry "SRB"]
[BlackTeamCountry "SRB"]

1. d4 d5 2. c4 e6 3. Nc3 Nf6 4. cxd5 exd5 5. Bg5 Nbd7 6. e3 Be7 7. Bd3 0-0 8. Qc2 Re8 9. Nf3 c6 10. h3 Nf8 11. 0-0 Ng6 12. Bxf6 Bxf6 13. b4 a6 14. Rfe1 Qd6 15. a3 a5 16. Rab1 axb4 17. axb4 Bd8 18. e4 dxe4 19. Nxe4 Qf8 20. Neg5 Rxe1+ 21. Rxe1 Bd7 22. Nxf7 Qxb4 23. Bxg6 hxg6 24. Qxg6 Bf6 25. Rb1 Qf8 26. Nh6+ Kh8 27. Rxb7 Ra1+ 28. Kh2 Qd6+ 29. Qg3 Qxg3+ 30. Kxg3 Be6 31. Ng4 Ra3 32. Kf4 Bd5 33. Nxf6 gxf6 34. Nh4 Rd3 35. Kf5 Rxd4 36. Kxf6 Bf7 1-0

[Event "Belgrade-chT"]
[Site "Belgrade"]
[Date "2017.05.14"]
[Round "5.3"]
[White "Ugrcic, Zoran"]
[Black "Stanimirovic, Milos"]
[Result "1/2-1/2"]
[WhiteElo "2008"]
[BlackElo "2068"]
[PlyCount "22"]
[EventDate "2017.05.10"]
[EventType "team-swiss"]
[EventRounds "5"]
[EventCountry "SRB"]
[SourceTitle "CBM 178 Extra"]
[Source "ChessBase"]
[SourceDate "2017.06.22"]
[SourceVersion "1"]
[SourceVersionDate "2017.06.22"]
[SourceQuality "1"]
[WhiteTeam "Cukaricki"]
[BlackTeam "Napredak"]
[WhiteTeamCountry "SRB"]
[BlackTeamCountry "SRB"]

1. Nf3 Nf6 2. d4 e6 3. c4 d5 4. g3 Be7 5. Bg2 0-0 6. 0-0 dxc4 7. Ne5 Nc6 8. Nxc6 bxc6 9. Bxc6 Rb8 10. Nc3 Qd6 11. Bg2 Rd8 1/2-1/2

[Event "Belgrade-chT"]
[Site "Belgrade"]
[Date "2017.05.12"]
[Round "3.3"]
[White "Polhert, Zdenko"]
[Black "Stanimirovic, Milos"]
[Result "1-0"]
[WhiteElo "1941"]
[BlackElo "2068"]
[PlyCount "78"]
[EventDate "2017.05.10"]
[EventType "team-swiss"]
[EventRounds "5"]
[EventCountry "SRB"]
[SourceTitle "CBM 178 Extra"]
[Source "ChessBase"]
[SourceDate "2017.06.22"]
[SourceVersion "1"]
[SourceVersionDate "2017.06.22"]
[SourceQuality "1"]
[WhiteTeam "Pogledi"]
[BlackTeam "Napredak"]
[WhiteTeamCountry "SRB"]
[BlackTeamCountry "SRB"]

1. d4 g6 2. e4 Bg7 3. Nf3 d6 4. h3 Nd7 5. Bd3 Ngf6 6. Be3 0-0 7. Nbd2 c6 8. c4 e5 9. d5 c5 10. Qc2 a6 11. a3 Rb8 12. a4 Ne8 13. g4 f6 14. Rb1 a5 15. Nb3 Rf7 16. Ke2 Ra8 17. Rbg1 Nc7 18. Bd2 b6 19. h4 Qf8 20. Be3 Na6 21. Qd2 Nb4 22. Bb1 Ba6 23. Qc1 f5 24. gxf5 gxf5 25. Ng5 Re7 26. Ne6 Rxe6 27. dxe6 Nf6 28. exf5 e4 29. h5 d5 30. Nd2 d4 31. Bf4 h6 32. Bxh6 Ra7 33. Nxe4 d3+ 34. Bxd3 Nxd3 35. Nxf6+ Qxf6 36. Qc3 Ne5 37. Bxg7 Rxg7 38. f4 Bxc4+ 39. Kd1 Qd8+ 1-0

[Event "Belgrade Trophy 26th"]
[Site "Belgrade"]
[Date "2012.11.24"]
[Round "1"]
[White "Stanimirovic, Milos"]
[Black "Georgescu, Tiberiu Marian"]
[Result "0-1"]
[WhiteElo "1957"]
[BlackElo "2403"]
[PlyCount "54"]
[EventDate "2012.11.24"]
[EventType "swiss"]
[EventRounds "9"]
[EventCountry "SRB"]
[SourceTitle "CBM 151 Extra"]
[Source "ChessBase"]
[SourceDate "2012.12.18"]
[SourceVersion "1"]
[SourceVersionDate "2012.12.18"]
[SourceQuality "1"]

1. e4 c6 2. d4 d5 3. exd5 cxd5 4. c4 Nf6 5. Nc3 Nc6 6. Nf3 Be6 7. c5 g6 8. Be3 Bg7 9. Be2 0-0 10. 0-0 Ne4 11. Qc1 Bg4 12. Bh6 Bxf3 13. Bxf3 Nxd4 14. Bxg7 Kxg7 15. Bxe4 dxe4 16. Qf4 Nc6 17. Rfd1 Qa5 18. Nxe4 Rad8 19. Rxd8 Rxd8 20. Ng5 Qxa2 21. Re1 h6 22. Nf3 Qxb2 23. h4 Rd5 24. Qe4 Rxc5 25. Rb1 Rc1+ 26. Rxc1 Qxc1+ 27. Kh2 Qc5 0-1

[Event "Belgrade Trophy 25th"]
[Site "Obrenovac"]
[Date "2011.11.29"]
[Round "6"]
[White "Stanimirovic, Milos"]
[Black "Bressac, Stephane"]
[Result "0-1"]
[WhiteElo "1952"]
[BlackElo "2212"]
[PlyCount "46"]
[EventDate "2011.11.24"]
[EventType "swiss"]
[EventRounds "9"]
[EventCountry "YUG"]
[SourceTitle "CBM 145 Extra"]
[Source "ChessBase"]
[SourceDate "2012.01.03"]
[SourceVersion "1"]
[SourceVersionDate "2012.01.03"]
[SourceQuality "1"]

1. e4 c5 2. c3 Nf6 3. e5 Nd5 4. d4 cxd4 5. cxd4 Nc6 6. Nc3 Nxc3 7. bxc3 d5 8. exd6 e6 9. Nf3 Bxd6 10. Bd3 0-0 11. Ng5 f5 12. f4 h6 13. Nf3 Qc7 14. Qd2 b6 15. 0-0 Bb7 16. Bc4 Nxd4 17. Nxd4 Qxc4 18. Nxf5 Bc5+ 19. Ne3 Rad8 20. Qe1 Qe4 21. Qg3 Rd3 22. Re1 Rf6 23. Kh1 Rg6 0-1

[Event "Belgrade Winter op"]
[Site "Belgrade"]
[Date "2011.01.23"]
[Round "2"]
[White "Stanimirovic, Milos"]
[Black "Tasic, Zoran T"]
[Result "0-1"]
[WhiteElo "1972"]
[BlackElo "2175"]
[PlyCount "140"]
[EventDate "2011.01.22"]
[EventType "swiss"]
[EventRounds "9"]
[EventCountry "SRB"]
[SourceTitle "CBM 140 Extra"]
[Source "ChessBase"]
[SourceDate "2011.03.01"]
[SourceVersion "1"]
[SourceVersionDate "2011.03.01"]
[SourceQuality "1"]

1. e4 e6 2. d4 d5 3. exd5 exd5 4. Nf3 Bd6 5. Bg5 f6 6. Bh4 Ne7 7. Bd3 Bf5 8. Nc3 Qd7 9. Bg3 Bb4 10. Qd2 Bxd3 11. Qxd3 Qe6+ 12. Kd2 Qc6 13. Rae1 Kf7 14. Re3 Nd7 15. a3 Bxc3+ 16. Qxc3 Qxc3+ 17. Rxc3 c6 18. Re3 Nf5 19. Re2 g5 20. c3 b5 21. Ne1 a5 22. Nd3 h5 23. f3 h4 24. Bf2 Nb6 25. Rhe1 Rhe8 26. g4 hxg3 27. Bxg3 Nc4+ 28. Kc1 Rxe2 29. Rxe2 Re8 30. Rxe8 Kxe8 31. f4 a4 32. fxg5 fxg5 33. Ne5 Nxe5 34. Bxe5 Kf7 35. Kd2 g4 36. Ke2 Kg6 37. Bg3 Kg5 38. Be5 Nh4 39. Ke3 Nf3 40. Bg3 Kf5 41. Bd6 Ng1 42. Bg3 Nh3 43. Bd6 Ng5 44. Be5 c5 45. Bd6 c4 46. Be5 Nf3 47. Bg3 Ng5 48. Be5 Ne6 49. Bd6 Kg5 50. Bg3 Kh5 51. Be1 Kg6 52. Bh4 Kh6 53. Bf2 Kh5 54. Be1 Kg5 55. Bg3 Ng7 56. Bf4+ Kh4 57. Bg3+ Kh3 58. Kf2 Nf5 59. Bc7 Nh4 60. Kg1 Nf3+ 61. Kh1 Ne1 62. Bg3 Nd3 63. Be5 Nxb2 64. Bf4 Nd1 65. Bd2 g3 66. hxg3 Kxg3 67. Kg1 Kf3 68. Kf1 Nf2 69. Ke1 Ne4 70. Bh6 Nxc3 0-1

[Event "Belgrade Spring op"]
[Site "Belgrade"]
[Date "2010.03.28"]
[Round "5"]
[White "Stanimirovic, Milos"]
[Black "Dunjic, Dragan"]
[Result "1/2-1/2"]
[WhiteElo "1892"]
[BlackElo "2033"]
[PlyCount "125"]
[EventDate "2010.03.23"]
[EventType "swiss"]
[EventRounds "9"]
[EventCountry "YUG"]
[SourceTitle "CBM 135 Extra"]
[Source "ChessBase"]
[SourceDate "2010.05.04"]
[SourceVersion "1"]
[SourceVersionDate "2010.05.04"]
[SourceQuality "1"]

1. e4 c6 2. d4 d5 3. Nc3 e5 4. exd5 cxd5 5. dxe5 d4 6. Bb5+ Nc6 7. Bxc6+ bxc6 8. Nce2 c5 9. Nf3 Bb7 10. Ng3 Ba6 11. Ne2 Qa5+ 12. Qd2 Qb6 13. 0-0 g6 14. Re1 Bh6 15. Qd1 Bg7 16. Rb1 Bc4 17. b3 Ne7 18. Bg5 Bxe2 19. Qxe2 Nd5 20. Qe4 Qe6 21. Bd2 0-0 22. b4 Nc3 23. Bxc3 dxc3 24. Rb3 cxb4 25. Qxb4 Rfc8 26. Qe4 Rab8 27. Qd4 Rxb3 28. axb3 Qf5 29. Qe4 Qd7 30. Ra1 Bh6 31. h3 Rd8 32. Qh4 Bg7 33. Rxa7 Qd1+ 34. Kh2 Rf8 35. Qe4 Bh6 36. e6 Qd6+ 37. g3 Qxe6 38. Qxe6 fxe6 39. Kg2 Rd8 40. Rc7 Bd2 41. Kf1 g5 42. Ke2 h5 43. Rc4 e5 44. Re4 Bc1 45. Ke1 Kg7 46. Nxe5 Re8 47. Re2 Rd8 48. Nc4 Kf6 49. Re4 Ra8 50. Ne3 Rd8 51. Rc4 Bd2+ 52. Ke2 Re8 53. Kf3 Re5 54. Rc6+ Ke7 55. Nd1 Kd7 56. Rc4 Be1 57. g4 hxg4+ 58. hxg4 Re8 59. Nxc3 Rf8+ 60. Ke2 Bxf2 61. Ne4 Bh4 62. Rc5 Rf4 63. Nxg5 1/2-1/2

[Event "Belgrade Spring op"]
[Site "Belgrade"]
[Date "2010.03.25"]
[Round "3"]
[White "Stanimirovic, Milos"]
[Black "Adamovic, Strahinja"]
[Result "1-0"]
[WhiteElo "1892"]
[BlackElo "2102"]
[PlyCount "83"]
[EventDate "2010.03.23"]
[EventType "swiss"]
[EventRounds "9"]
[EventCountry "YUG"]
[SourceTitle "CBM 135 Extra"]
[Source "ChessBase"]
[SourceDate "2010.05.04"]
[SourceVersion "1"]
[SourceVersionDate "2010.05.04"]
[SourceQuality "1"]

1. e4 e5 2. Nf3 Nc6 3. d4 exd4 4. Nxd4 Nf6 5. Nxc6 bxc6 6. Bd3 d6 7. 0-0 Be7 8. c4 0-0 9. Nc3 Be6 10. Qc2 h6 11. f4 d5 12. e5 Bc5+ 13. Kh1 Ng4 14. f5 Nxh2 15. Rf4 g5 16. fxg6 Ng4 17. g3 fxg6 18. Bxg6 Nxe5 19. Kg2 Qe7 20. cxd5 cxd5 21. Na4 Bd6 22. Rxf8+ Qxf8 23. Bf4 Qg7 24. Bf5 Bxf5 25. Qxf5 Rf8 26. Qe6+ Kh7 27. Rf1 Nc4 28. Bxd6 Rxf1 29. Kxf1 Nxd6 30. Kg2 Qg6 31. Qe7+ Qf7 32. Qe3 a5 33. Nc3 c6 34. Qe5 Nc4 35. Qe2 h5 36. b3 Nd6 37. Qe5 Nb5 38. Ne2 Kh6 39. Nf4 d4 40. Ne6 d3 41. Qe3+ Kh7 42. Ng5+ 1-0